Statistics for Triple J Hottest 100 2018

Click here to take the quiz!

General Stats

  • This quiz has been taken 7 times
  • The average score is 26 of 100

Answer Stats

Hottest 100 NumberPeak in Home CountryArtist(s)Song% Correct
1#9 (ARIA)Ocean AlleyConfidence
100%
14Didn't Chart (ARIA)WafiaI'm Good
100%
9Didn't Chart (ARIA)Ruby FieldsDinosaurs
80%
7#58 (ARIA)MallratGroceries
80%
5#6 (ARIA)Amy SharkI Said Hi
80%
10Didn't Chart (ARIA)Ocean AlleyKnees
80%
2#35 (ARIA)FISHERLosing It
80%
27#1 (Billboard Hot 100)Post Malone & Swae LeeSunflower
80%
28#7 (Billboard Hot 100)Kendrick Lamar & SZAAll The Stars
60%
79Didn't Chart (ARIA)Thelma PlumClumsy Love
60%
21#21 (ARIA)The Rubens ft. SarahNever Ever
60%
19#1 (NZ Hot Singles Chart)BroodsPeach
60%
3#1 (Billboard Hot 100)Travi$ ScottSICKO MODE
60%
4#1 (Billboard Hot 100)Childish GambinoThis Is America
60%
12Didn't Chart (UK Singles Chart)The WombatsTurn
60%
22#77 (ARIA)RUFUS DU SOLUnderwater
60%
20#15 (ARIA)KianWaiting
60%
34#17 (U.S. Alternative Songs)King Princess1950
40%
6#1 (ARIA)Dean LewisBe Alright
40%
85Didn't Chart (Billboard Hot 100)Anderson .PaakBubblin'
40%
69Didn't Chart (UK Singles Chart)The WombatsCheetah Tongue
40%
68#9 (Billboard Hot 100)Benny Blanco, Halsey & KhalidEastside
40%
29#12 (ARIA)Peking DukFire
40%
95#18 (UK Singles Chart)Arctic MonkeysFour Out of Five
40%
98#16 (Billboard Hot 100) / #21 (Canadian Hot 100)Kanye West ft. PARTYNEXTDOORGhost Town
40%
43#1 (Canadian Hot 100)DrakeGod's Plan
40%
15#26 (ARIA) / Didn't Chart (UK Singles Chart)Hayden James ft. Boy MatthewsJust Friends
40%
62#79 (ARIA)G FlipKilling My Time
40%
35#2 (Billboard Bubbling Under Hot 100)Mac MillerLadders
40%
17#64 (Billboard Hot 100)Billie Eilish & KhalidLovely
40%
57Didn't Chart (ARIA)The PresetsMartini
40%
66#96 (ARIA)Flight Facilities ft. NikaNeed You
40%
80#2 (UK Singles Chart) / #43 (Billboard Hot 100)Mark Ronson ft. Miley CyrusNothing Breaks Like A Heart
40%
90#1 (Billboard Hot 100)Post Malone ft. Ty Dolla $ignPsycho
40%
74Didn't Chart (Billboard Hot 100)King PrincessP***y is God
40%
67#22 (Billboard Bubbling Under Hot 100)Anderson .Paak ft. Kendrick LamarTints
40%
55#66 (ARIA)Peking DukWasted
40%
8#29 (Billboard Hot 100)Billie Eilishwhen the party's over
40%
83Didn't Chart (Billboard Hot 100)BROCKHAMPTON1999 WILDFIRE
20%
38Didn't Chart (ARIA)G FlipAbout You
20%
36#58 (ARIA)Amy SharkAll Loved Up
20%
26#82 (ARIA)Vera BlueAll the Pretty Girls
20%
81Didn't Chart (ARIA)Jack RiverBallroom
20%
52#8 (Billboard Hot 100)KhalidBetter
20%
78#63 (ARIA)Hayden James ft. Running TouchBetter Together
20%
63Didn't Chart (Billboard Hot 100)BROCKHAMPTONBOOGIE
20%
31#54 (ARIA)Alison WonderlandChurch
20%
84Didn't Chart (ARIA)Tash SultanaCigarettes
20%
44#48 (ARIA)The Hilltop Hoods ft. Adrian EagleClark Griswold
20%
86Didn't Chart (ARIA)Lime CordialeDirt Cheap
20%
32Didn't Chart (ARIA)The RubensGod Forgot
20%
100Didn't Chart (ARIA)Ocean AlleyHappy Sad
20%
88Didn't Chart (ARIA)WaaxLabrador
20%
77#61 (Scotland Single Charts)CHVRCHESMiracle
20%
40#1 (Canadian Hot 100)DrakeNice For What
20%
13#45 (Billboard Hot 100) / #18 (UK Singles Chart)A$AP Rocky ft. SkeptaPraise the Lord (Da Shine)
20%
54#47 (ARIA)Vance JoySaturday Sun
20%
65Didn't Chart (ARIA)Methyl EdelScream Whole
20%
71Didn't Chart (ARIA)SkegssSmogged Out
20%
91#23 (Billboard Bubbling Under Hot 100)A$AP RockySundress
20%
96Didn't Chart (ARIA)OdetteTake It To The Heart
20%
60Didn't Chart (ARIA)DMA'sThe End
20%
23#158 (ARIA)RUFUS DU SOLTreat You Better
20%
70Didn't Chart (ARIA)Mallrat ft. AlldayUFO
20%
11Didn't Chart (ARIA)SkegssUp in the Clouds
20%
53#16 (ARIA)Vance JoyWe're Going Home
20%
87#76 (ARIA)RuelYounger
20%
16#91 (ARIA)Ocean AlleyBaby Come Back
0%
33#3 (Billboard Hot 100)Post MaloneBetter Now
0%
76Didn't Chart (ARIA)Polish ClubClarity
0%
89#53 (ARIA)RuelDazed & Confused
0%
97Didn't Chart (ARIA)DMA'sDo I Need You Now?
0%
92Didn't Chart (ARIA)ThundamentalsEverybody But You
0%
59#2 (Australian Independent Chart)Meg MacGive Me My Name Back
0%
82#41 (UK Singles Chart)Florence and the MachineHunger
0%
25Didn't Chart (ARIA)ThundamentalsI Miss You
0%
41Didn't Chart (ARIA)DMA'sIn The Air
0%
94Didn't Chart (ARIA)The Amity AfflictionIvy (Doomsday)
0%
61Didn't Chart (ARIA)Hockey DadI Wanna Be Everybody
0%
18Didn't Chart (ARIA)Hockey DadJoin The Club
0%
42#149 (ARIA)Ziggy AlbertsLaps Around The Sun
0%
24#11 (ARIA)The Hilltop HoodsLeave Me Lonely
0%
47Didn't Chart (ARIA)DZ DeathraysLike People
0%
37#199 (ARIA)Ziggy AlbertsLove Me Now
0%
45#55 (UK Singles Chart)Bring Me The HorizonMantra
0%
49Didn't Chart (ARIA)Angie McMahonMissing Me
0%
64Didn't Chart (ARIA)Middle KidsMistake
0%
75Didn't Chart (ARIA)Kira PuruMolotov
0%
51Didn't Chart (ARIA)Baker BoyMr La Di Da Di
0%
50#41 (ARIA)RUFUS DU SOLNo Place
0%
99Didn't Chart (UK Singles Chart)YUNGBLUDPolygraph Eyes
0%
58#14 (NZ Singles Chart)BeneeSoaked
0%
30Didn't Chart (ARIA)Cub SportSometimes
0%
73Didn't Chart (ARIA)Hockey DadSweet Release
0%
39Didn't Chart (ARIA)Ball Park MusicThe Perfect Life Does Not Exist
0%
72Didn't Chart (UK Singles Chart)Nothing But ThievesWhat Can I Do If The Fire Goes Out?
0%
48Didn't Chart (ARIA)San CiscoWhen I Dream
0%
56#1 (Billboard Hot 100)HalseyWithout Me
0%
93Didnt Chart (ARIA)Trophy EyesYou Can Count On Me
0%
46#41 (Billboard Hot 100)Billie Eilishyou should see me in a crown
0%

Score Distribution

Percentile by Number Answered

Percent of People with Each Score

Your Score History

You have not taken this quiz